Di truyền học : Minh họa sinh động bằng tranh
Di truyền học là chìa khóa để hiểu sự sống. Mỗi cá thể đều có đặc điểm riêng biệt dù sinh ra trên cùng một hành tinh và trong những điều kiện tương tự. Vì sao mỗi cá thể trong cùng một quần thể lại có thể khác biệt? Ngành di truyền...
Enregistré dans:
| Auteur principal: | |
|---|---|
| Autres auteurs: | , |
| Format: | Livre |
| Langue: | Vietnamese |
| Publié: |
H.
Dân trí
2023
|
| Édition: | Tái bản lần thứ 1 |
| Collection: | Dẫn nhập ngắn về khoa học
|
| Sujets: | |
| Tags: |
Ajouter un tag
Pas de tags, Soyez le premier à ajouter un tag!
|
| Thư viện lưu trữ: | Thư viện Trường Đại học Nam Cần Thơ |
|---|
| LEADER | 01776nam a22002417a 4500 | ||
|---|---|---|---|
| 001 | NCT_4_010969 | ||
| 008 | 240617b xxu||||| |||| 00| 0 vie d | ||
| 999 | |c 8501 |d 8501 | ||
| 020 | |c 79000 |a 9786044001104 | ||
| 082 | 0 | 4 | |2 23rd ed. |a 576.5 |b J79 |
| 100 | 1 | |a Jones, Steve | |
| 245 | 1 | 0 | |a Di truyền học : |b Minh họa sinh động bằng tranh |c Steve Jones, Borin Van Loon ; Phạm Diệu Linh (dịch) |
| 250 | |a Tái bản lần thứ 1 | ||
| 260 | |a H. |b Dân trí |c 2023 | ||
| 300 | |a 180 tr. |b Hình vẽ |c 18cm | ||
| 490 | 0 | |a Dẫn nhập ngắn về khoa học | |
| 520 | 3 | |a Di truyền học là chìa khóa để hiểu sự sống. Mỗi cá thể đều có đặc điểm riêng biệt dù sinh ra trên cùng một hành tinh và trong những điều kiện tương tự. Vì sao mỗi cá thể trong cùng một quần thể lại có thể khác biệt? Ngành di truyền học ngày nay đã khám phá cơ chế hình thành của từng cá thể. Từ việc khám phá về DNA đến những tiến bộ trong điều trị các bệnh di truyền, cuốn sách 'Dẫn nhập ngắn về khoa học: Di truyền' không chỉ tổng quát mà còn cung cấp cho độc giả các góc nhìn đặc biệt về lĩnh vực di truyền học hiện đại. | |
| 653 | |a Tham khảo | ||
| 700 | 1 | |a Loon, Borin Van | |
| 700 | 1 | |a Phạm Diệu Linh |e dịch | |
| 942 | |2 ddc |c BK | ||
| 952 | |0 0 |1 0 |2 ddc |4 0 |6 576_500000000000000_J79 |7 0 |9 29194 |a 000001 |b 000001 |d 2024-06-18 |o 576.5 J79 |p TK.04363 |r 2024-06-18 |v 79000.00 |w 2024-06-18 |y BK | ||
| 980 | |a Thư viện Trường Đại học Nam Cần Thơ | ||


